[Event "BIH-chT 11th"]
[Site "Jahorina"]
[Date "2012.06.06"]
[Round "5.2"]
[White "Burovic, Ismet"]
[Black "Serdarevic, Muhamed"]
[Result "1-0"]
[WhiteElo "2319"]
[BlackElo "2208"]
[PlyCount "57"]
[EventDate "2012.06.02"]
[EventType "team-tourn"]
[EventRounds "9"]
[EventCountry "BIH"]
[SourceTitle "CBM 148 Extra"]
[Source "ChessBase"]
[SourceDate "2012.06.22"]
[SourceVersion "1"]
[SourceVersionDate "2012.06.22"]
[SourceQuality "1"]
[WhiteTeam "Sarajevo Slavija"]
[BlackTeam "Zenica"]
[WhiteTeamCountry "BIH"]
[BlackTeamCountry "BIH"]

1. e4 e5 2. f4 d5 3. exd5 exf4 4. Nf3 Nf6 5. Bc4 Nxd5 6. Bxd5 Qxd5 7. Nc3 Qh5 8. Qe2+ Kd8 9. d4 Bd6 10. 0-0 Re8 11. Qb5 f5 12. Ne5 g5 13. Qd5 Re6 14. Bd2 c6 15. Qc4 Bxe5 16. dxe5 Rh6 17. h3 Be6 18. Qb4 b6 19. Qf8+ Kc7 20. a4 a5 21. b4 Kb7 22. bxa5 Nd7 23. Qd6 Rxa5 24. Nb5 cxb5 25. Bxa5 bxa5 26. axb5 Nb8 27. Rxa5 Bc8 28. Qc5 Rb6 29. Rfa1 1-0

[Event "BIH-chT"]
[Site "Neum"]
[Date "2011.06.06"]
[Round "3.6"]
[White "Kadric, Denis"]
[Black "Serdarevic, Muhamed"]
[Result "1-0"]
[WhiteElo "2376"]
[BlackElo "2222"]
[PlyCount "105"]
[EventDate "2011.06.04"]
[EventType "team-tourn"]
[EventRounds "9"]
[EventCountry "BIH"]
[SourceTitle "CBM 142 Extra"]
[Source "ChessBase"]
[SourceDate "2011.06.27"]
[SourceVersion "1"]
[SourceVersionDate "2011.06.27"]
[SourceQuality "1"]
[WhiteTeam "Sarajevo Bosna"]
[BlackTeam "Zenica"]
[WhiteTeamCountry "BIH"]
[BlackTeamCountry "BIH"]

1. e4 c6 2. d4 d5 3. Nd2 dxe4 4. Nxe4 Nf6 5. Nxf6+ exf6 6. Nf3 Bd6 7. Bd3 0-0 8. 0-0 Re8 9. h3 Nd7 10. c4 Nf8 11. Qc2 Be6 12. Bd2 Rc8 13. Rfe1 Qd7 14. Bf1 Bb8 15. Be3 Bf5 16. Bd3 Bxh3 17. gxh3 Qxh3 18. Qd1 Qg4+ 19. Kf1 f5 20. Ng1 Rcd8 21. Qxg4 fxg4 22. Ne2 Ne6 23. Rad1 h5 24. d5 Nf8 25. dxc6 bxc6 26. Nd4 Rc8 27. Bf5 c5 28. Nb3 Rc6 29. Bxc5 Ne6 30. Ba3 Rxc4 31. Nd4 g6 32. Rxe6 fxe6 33. Bxe6+ Rxe6 34. Nxe6 Kf7 35. Nd4 Be5 36. Ne2 Ke6 37. Rc1 Ra4 38. Rc6+ Kf7 39. Nc3 Rf4 40. Ne2 Ra4 41. Nc3 Rf4 42. Bd6 Bxd6 43. Rxd6 g3 44. Nd1 a5 45. Rd5 a4 46. Rd2 Ke6 47. Re2+ Kd6 48. Nc3 h4 49. Kg1 Rg4 50. fxg3 a3 51. Nb5+ Kc5 52. Nxa3 Rxg3+ 53. Rg2 1-0